| Tag |
First Indicator |
Second Indicator |
Subfields |
| LEADER |
00000cam a22000001a 4500 |
| 001 |
in00003409313 |
| 006 |
m d f |
| 007 |
cr bn mmmapmmp |
| 008 |
101221s2008 dcu o f000 0 eng d |
| 005 |
20260430155443.7 |
| 035 |
|
|
|a cis2007867828
|
| 040 |
|
|
|a ProQuest
|c ProQuest
|d UtOrBLW
|
| 043 |
|
|
|a n-us---
|
| 099 |
|
|
|a CRS-2008-RSI-0837
|
| 110 |
2 |
|
|a Library of Congress.
|b Congressional Research Service.
|
| 245 |
1 |
0 |
|a Air Quality Issues and Animal Agriculture :
|b EPA's Air Compliance Agreement.
|
| 264 |
|
1 |
|a [Place of publication not identified] :
|b [publisher not identified],
|c 2008.
|
| 300 |
|
|
|a 1 online resource.
|
| 336 |
|
|
|a text
|b txt
|2 rdacontent
|
| 337 |
|
|
|a computer
|b c
|2 rdamedia
|
| 338 |
|
|
|a online resource
|b cr
|2 rdacarrier
|
| 500 |
|
|
|a Record is based on bibliographic data in ProQuest U.S. Congressional Research Digital Collection (last viewed Dec. 2010). Reuse except for individual research requires license from ProQuest, LLC.
|
| 500 |
|
|
|a CRS Report.
|
| 520 |
|
|
|a Examines key issues associated with the EPA Air Compliance Agreement, which will provide air quality monitoring data on animal feeding operations (AFOs) emissions as well as provide relief to AFOs from liability under certain provisions of environmental laws.
|
| 500 |
|
|
|a Electronic resource.
|
| 650 |
|
0 |
|a Air
|x Pollution.
|
| 650 |
|
0 |
|a Forage.
|
| 650 |
|
0 |
|a Agricultural pollution.
|
| 655 |
|
7 |
|a Electronic books.
|2 local
|
| 710 |
2 |
|
|a ProQuest (Firm)
|
| 776 |
0 |
8 |
|i Microfiche version:
|a Library of Congress. Congressional Research Service.
|t Air Quality Issues and Animal Agriculture
|
| 830 |
|
0 |
|a U.S. Congressional Research.
|
| 856 |
4 |
0 |
|u http://proxy.library.tamu.edu/login?url=https://congressional.proquest.com/congcomp/getdoc?CRDC-ID=CRS-2008-RSI-0837
|z Connect to the full text of this electronic book
|t 0
|
| 999 |
|
|
|a MARS
|
| 999 |
f |
f |
|s 3fe4fec2-ccb3-314c-b4bf-af6041fe4e51
|i 6ded58c8-14f6-3513-b81a-05fdb253c7f1
|t 0
|
| 952 |
f |
f |
|a Texas A&M University
|b College Station
|c Electronic Resources
|s www_evans
|d Available Online
|t 0
|e CRS-2008-RSI-0837
|h Other scheme
|
| 998 |
f |
f |
|a CRS-2008-RSI-0837
|t 0
|l Available Online
|